| 000 | 02208cam a22004214i 4500 | ||
|---|---|---|---|
| 003 | PE-LiUPU | ||
| 005 | 20250731184103.0 | ||
| 008 | 150625s r 000 0 d | ||
| 020 | _a8437607647 | ||
| 035 | _a(Sirsi) i9788437607641 | ||
| 040 |
_aPE-LiUPU _bspa _cPE-LiUPU _erda |
||
| 049 | _aPRUA | ||
| 082 | 0 | 4 |
_a808.23 _bCH572006 _221 |
| 100 | 1 |
_aChrion, Michel, _eautor. |
|
| 245 | 1 | 0 |
_aCómo se escribe un guión / _cMiguel Chion. |
| 250 | _a11a | ||
| 264 | 1 |
_aMadrid : _bEdiciones Cátedra, _c2006. |
|
| 300 |
_a219 páginas ; _c21 centímetros |
||
| 336 |
_atext _2rdacontent |
||
| 337 |
_aunmediated _2rdamedia |
||
| 338 |
_avolume _2rdacarrier |
||
| 505 | 0 | _aLas obras maestras tambien tienen guion. -Pauline ne la playa, de Eric Rohmer. -Tener y no tener, de Howard Hawks. -El testamento del Doctor Mabuse, de Fritz Lang. -El intendente Sansho, de Kenji Mizoguchi. -El guionista tambien tiene sus tecnicas. -¿Qué mueve a los personajes? (y conmuenve a los espectadores). -Las partes y los tiempos fuertes del guión. -Los procedimientos narrativos. -Los fallos del guión (para cometerlos mejores. -Las formas de presentación del guión). | |
| 526 | _aP145 | ||
| 526 | _aP127 | ||
| 526 | _aP97 | ||
| 526 | _aP14 | ||
| 526 | _aP07 | ||
| 541 | _g001-0029256; | ||
| 650 | 0 | 4 |
_aGuiones cinematográficos _xTécnica narrativa. |
| 650 | 0 | 4 |
_aPelículas _xArte narrativo. |
| 942 |
_2ddc _cBOOK |
||
| 949 |
_a808.23 CH57 2006 _wDEWEY _c1 _i59177 _lCCODEBUL1 _mBUL _p28.00 _r0 _sY _tBOOK _u2015-6-25 _xEDUCACION _PP07 _0COMPRA _o.STAFF. Colección General |
||
| 949 |
_a808.23 CH57 _wDEWEY _c1 _i51828 _lCCODEBUL1 _mBUL _p18.00 _r0 _sY _tBOOK _u2015-6-24 _xEDUCACION _zUNKNOWN _0COMPRA _o.STAFF. Colección General |
||
| 994 |
_aC0 _bPEPRU |
||
| 596 | _a1 | ||
| 999 |
_a808.23 CH57 _wDEWEY _c33586 _i51828 _f2021-11-5 _g5 _lCCODEBUL1 _mBUL _p18.00 _r0 _sY _tBOOK _u2015-6-24 _xBIBLIOTECA _zUNKNOWN _0COMPRA _o.STAFF. Colección General _d33586 |
||
| 999 |
_a808.23 CH57 2006 _wDEWEY _c1 _i59177 _f2021-11-5 _g5 _lCCODEBUL1 _mBUL _p28.00 _r0 _sY _tBOOK _u2015-6-25 _xBIBLIOTECA _PP07 _0COMPRA _o.STAFF. Colección General |
||
| 980 |
_81 _gALBERTO SANCHEZ Responsable de Automatización |
||